000 00632nam a2200253Ia 4500
003 OSt
005 20221007110603.0
006 a|||||r|||| 00| 0
007 ta
008 221006b |||||||| |||| 00| 0 eng d
020 _a0710079834
024 _a21,377
037 _cTextual
040 _aLCO
_cLCO
_beng
041 _2eng
_aeng
082 _aYObZ, L4
100 _aPodgorecki Adam
245 0 _aLaw and Society
260 _aLondon
_bRoutledge & Kegan Paul U.K.
_c1974
300 _a295+14
650 _aSOCIETY
_9410261
942 _hYObZ, L4
_cTEXL
999 _c1190940
_d1190940